Statistics for Ancient History by Letter 'S'

Click here to take the quiz!

General Stats

  • This quiz has been taken 146 times
  • The average score is 4 of 14

Answer Stats

HintAnswer% Correct
Dangerously destructive sea nymphs.Siren
79%
Famous poet associated with the island of Lesbos.Sappho
69%
Male divinities of the woods, half man, half goat.Satyr
55%
Sun god.Sol
50%
Capital of Lacedaemon; favorite city of Juno - home of Menelaus.Sparta
42%
Greek goddess of the moon, Roman counterpart Luna.Selene
30%
Sea nymph changed to monster by Circe. She lived under rock of same name.Scylla
26%
God of harvest and agriculture.Saturn
24%
Riddlegiving monster; slain by Oedipus.Sphynx
14%
Son of Jupiter and Europa - slain during the Trojan war.Sarpedon
6%
Second age of the ancient world.Silver Age
6%
A river deity.Styx
6%
Greek slave, who advised the Trojans to secure the wooden horse.Sinon
3%
Gate which led from Troy to the plain.Scaean Gate
2%

Score Distribution

Percentile by Number Answered

Percent of People with Each Score

Your Score History

You have not taken this quiz